000 00334nam a2200157Ia 4500
001 27695
003 IN-NITTTR
005 20251114233344.0
008 251113s9999||||xx |||||||||||||| ||eng||
040 _beng
040 _cIN-NITTTR
041 _aeng
082 _a891.43301 K11A H
245 0 _aAazaadi Mubarak /
942 _2ddc
_cBK
999 _c30323
_d30323